01110nam a2200289 a 450000500170000000800410001702000240005802000240008203700210010604000180012708200060014510000340015124500660018526000340025130000320028549000210031750000290033852001920036765000290055965000270058865000210061565000220063670000170065894200200067599900170069595201080071220091211154314.0030813s2004 nyua b 000 1 eng  a0375825266 c100.00 a0375925260 c100.00 bBlueberry Books  adplbEnglish  aS aGreenburg, J. C.q(Judith C.) aIn the deep /cby J.C. Greenburg ; illustrated by Jan Gerardi aNew York bRandom Housec2004 a83 p. :bill. c20 cm(pbk)  aAndrew lost ;v8 a"A Stepping Stone Book." aStill trying to save the giant squid from Soggy Bob, ten-year-old Andrew, his cousin Judy, and Thudd the robot nearly meet disaster at the Challenger Deep, the deepest place in the ocean. aMarine animalsvFiction. aGiant squidsvFiction. aSquidsvFiction. aCousinsvFiction. aGerardi, Jan 2ddccCHhSmGRE c32581d32581 00102ddc40708FICaAGbAGd2009-12-11g100.00l0oS GREr2009-12-11 00:00:00v100.00w2009-12-11yCH